|
|
|
|
| LEADER |
00000naa a2200000 4500 |
| 001 |
vtls011972025 |
| 003 |
SK-MaSNL |
| 005 |
20260302145602.0 |
| 008 |
200605|2017 xo f|| |0|| ||slo |
| 015 |
|
|
|a SNBRA 2015
|2 svkbbbg
|
| 038 |
|
|
|a SVKBBBG
|
| 040 |
|
|
|a SVKBBBG
|b slo
|c SVKBBBG
|e rda
|
| 041 |
0 |
|
|a slo
|
| 044 |
|
|
|a xo
|c SK
|
| 072 |
|
7 |
|a 37
|x Výchova a vzdelávanie
|2 konspekt
|
| 072 |
|
7 |
|a 17
|x Etika. Morálna filozofia
|2 konspekt
|
| 080 |
|
|
|a 37.013.83
|2 2011
|
| 080 |
|
|
|a 17
|2 2011
|
| 100 |
1 |
|
|a Fobel, Pavel,
|d 1953-2023
|4 aut
|9 135482
|
| 245 |
1 |
0 |
|a Etika ako aplikačná stratégia
|b (metodické a teoretické odporúčania)
|c Pavel Fobel
|
| 336 |
|
|
|a text
|b txt
|2 rdacontent
|
| 337 |
|
|
|a bez média
|b n
|2 rdamedia
|
| 338 |
|
|
|a zväzok
|b nc
|2 rdacarrier
|
| 504 |
|
|
|a Bibliografia na strane 17; bibliografické odkazy
|
| 650 |
0 |
7 |
|a andragogika
|2 SNKPH
|9 67508
|
| 650 |
0 |
7 |
|a etika
|2 SNKPH
|9 792
|
| 650 |
0 |
7 |
|a aplikovaná etika
|2 SNKPH
|9 68585
|
| 773 |
0 |
|
|t Etické aspekty edukácie dospelých
|d Banská Bystrica : Belianum, 2017
|g S. 9-18
|z 9788055713540
|
| 852 |
|
|
|a SVKBB
|b KIS3GCP
|
| 958 |
|
|
|a NB
|
| 999 |
|
|
|c 1354733
|d 1356663
|